Student financial aid and institutional purpose ; a colloquium on financial aid held by the College Scholarship Service of the College Entrance Examination Board.

Bibliographic Details
Corporate Authors: Colloquium on Financial Aid Excelsior Springs, Mo., College Entrance Examination Board. College Scholarship Service
Format: Conference Proceeding Book
Language:English
Published: [Princeton, N.J.] : [College Entrance Examination Board], [1963]
Subjects:

MARC

Tag First Indicator Second Indicator Subfields
LEADER 00000cam a2200000 4500
001 in00000055872
005 20151008052325.0
008 780818s1963 nju b 00000 eng d
010 |a  64000782  
035 |a (OCoLC)04151943 
035 |9 AAH2819AM 
040 |a APL  |c APL  |d TXA  |d UtOrBLW 
049 |a TXAM  |c [367046] 
050 0 |a LB2338  |b C644 1963 
090 |a LB2338  |b C643 1963 
092 |a 378.34  |b C714s, 1963 
111 2 |a Colloquium on Financial Aid  |n (2d :  |d 1963 :  |c Excelsior Springs, Mo.) 
245 1 0 |a Student financial aid and institutional purpose ;  |b a colloquium on financial aid held by the College Scholarship Service of the College Entrance Examination Board. 
264 1 |a [Princeton, N.J.] :  |b [College Entrance Examination Board],  |c [1963] 
264 4 |c [©1963] 
300 |a 114 pages :  |b illustrations 
336 |a text  |b txt  |2 rdacontent 
337 |a unmediated  |b n  |2 rdamedia 
338 |a volume  |b nc  |2 rdacarrier 
650 0 |a Student aid  |x Congresses. 
710 2 |a College Entrance Examination Board.  |b College Scholarship Service. 
999 |a MARS 
999 f f |s 147a9a7d-2a36-39bd-b7fd-d8793c7bd0d0  |i 29d6c8c0-9667-3505-976f-b0ca08432a60  |t 0 
952 f f |p normal  |a Texas A&M University  |b College Station  |c Sterling C. Evans Library  |d Evans: Library Stacks  |t 0  |e LB2338 C643 1963  |h Library of Congress classification  |i unmediated -- volume  |m A14800863269 
998 f f |a LB2338 C643 1963  |t 0  |l Evans: Library Stacks